[Event "70th RUS-ch Women Higher League 2020"]
[Site "Sochi"]
[Date "2020.10.12"]
[Round "5.4"]
[White "Kovanova, Baira"]
[Black "Grigorieva, Yulia"]
[Result "1/2-1/2"]
[WhiteElo "2324"]
[BlackElo "2237"]
[Annotator "NA"]
[PlyCount "81"]
[EventDate "2020.10.08"]
[EventType "swiss"]
[EventCountry "RUS"]
[SourceTitle "playchess.com"]
[Source "ChessBase"]
[SourceQuality "1"]
[TimeControl "40/5400+30:1800+30"]

1. d4 {[%emt 0:00:00]} Nf6 {[%emt 0:00:00]} 2. c4 {[%emt 0:00:00]} g6 {[%emt 0:00:00]} 3. g3 {[%emt 0:00:00]} Bg7 {[%emt 0:00:22]} 4. Bg2 {[%emt 0:00:00]} O-O {[%emt 0:00:47]} 5. Nc3 {[%emt 0:00:05]} d6 {[%emt 0:00:29]} 6. Nf3 {[%emt 0:00:16]} Nbd7 {[%emt 0:00:32]} 7. O-O {[%emt 0:00:18]} e5 {[%emt 0:00:21]} 8. h3 {[%emt 0:00:19]} Re8 {[%emt 0:04:16]} 9. e4 {[%emt 0:02:19]} exd4 {[%emt 0:00:30]} 10. Nxd4 {[%emt 0:00:02]} Nc5 {[%emt 0:00:29]} 11. Re1 {[%emt 0:00:13]} Bd7 {[%emt 0:00:22] The modern move.} 12. Bf4 {[%emt 0:10:52]} h6 {[%emt 0:00:47]} 13. Qc2 {[%emt 0:06:40] E68: King's Indian: Fianchetto: 6...Nbd7 7 0-0 e5 8 e4.} Nfxe4 {[%emt 0:05:01]} 14. Nxe4 {[%emt 0:03:01]} Bxd4 {[%emt 0:00:16]} 15. Rad1 {[%emt 0:17:44]} (15. Qd2 $5 {[%cal Rd2d4]} Ne6 16. Bxh6 $14) 15... Bg7 {[%emt 0:19:50]} 16. Nxc5 {[%emt 0:00:42] [#]} Rxe1+ $146 {[%emt 0:04:46]} ({Predecessor:} 16... dxc5 17. Bxb7 Rb8 18. Bd5 g5 19. Qg6 Rxe1+ 20. Rxe1 Qf6 21. Qxf6 Bxf6 22. Bc1 c6 {½-½ (31) Kourkoulos Arditis,S (2457)-Ioannidis,E (2379) Thessaloniki 2019}) 17. Rxe1 {[%emt 0:00:01]} dxc5 {[%emt 0:00:08]} 18. Bxb7 {[%emt 0:06:37]} Rb8 {[%emt 0:00:38]} 19. Bd5 $11 {[%emt 0:00:57]} Rxb2 {[%emt 0:23:43]} 20. Qxg6 {[%emt 0:06:20]} Qf6 {[%emt 0:00:13]} 21. Qh5 {[%emt 0:07:21]} Rxa2 {[%emt 0:11:13]} 22. Kg2 {[%emt 0:00:29]} c6 {[%emt 0:08:06]} 23. Bf3 {[%emt 0:01:07]} Bf5 {[%emt 0:08:31]} 24. Re5 {[%emt 0:12:22]} Bg6 {[%emt 0:02:14]} 25. Re8+ {[%emt 0:00:37]} Kh7 {[%emt 0:00:07]} 26. Qxc5 {[%emt 0:00:10]} Qc3 {[%emt 0:04:22]} 27. Be4 {[%emt 0:05:54]} Qd4 {[%emt 0:03:08]} 28. Bxg6+ {[%emt 0:01:52]} fxg6 {[%emt 0:00:31]} 29. Qxd4 {[%emt 0:03:27]} Bxd4 {[%emt 0:00:01]} 30. Be3 {[%emt 0:01:03]} Bxe3 {[%emt 0:00:55]} 31. Rxe3 {[%emt 0:00:02]} Rc2 {[%emt 0:01:58]} 32. Re7+ {[%emt 0:06:20]} Kg8 {[%emt 0:00:04]} 33. Rxa7 {[%emt 0:03:03]} Rxc4 {[%emt 0:00:06]} 34. Rc7 {[%emt 0:01:06]} Rc3 {[%emt 0:01:19]} 35. g4 {[%emt 0:02:26]} c5 {[%emt 0:00:41]} 36. h4 {[%emt 0:00:28]} c4 {[%emt 0:00:32]} 37. h5 {[%emt 0:02:47]} gxh5 {[%emt 0:00:27]} 38. gxh5 {[%emt 0:00:02]} Rc1 {[%emt 0:00:36]} 39. Kf3 {[%emt 0:00:57]} c3 {[%emt 0:00:31]} 40. Ke2 {[%emt 0:00:00]} c2 {[%emt 0:00:00]} 41. Kd2 {[%emt 0:04:37]} 1/2-1/2

[Event "70th RUS-ch Women Higher League 2020"]
[Site "Sochi"]
[Date "2020.10.12"]
[Round "5.5"]
[White "Voit, Daria"]
[Black "Nasyrova, Ekaterina"]
[Result "1/2-1/2"]
[WhiteElo "2343"]
[BlackElo "2171"]
[Annotator "NA"]
[PlyCount "141"]
[EventDate "2020.10.08"]
[EventType "swiss"]
[EventCountry "RUS"]
[SourceTitle "playchess.com"]
[Source "ChessBase"]
[SourceQuality "1"]
[TimeControl "40/5400+30:1800+30"]

1. d4 {[%emt 0:00:00]} d5 {[%emt 0:00:00]} 2. Bf4 {[%emt 0:00:00]} e6 {[%emt 0:00:00]} 3. e3 {[%emt 0:00:00]} Bd6 {[%emt 0:00:07]} 4. Bg3 {[%emt 0:00:00]} Ne7 {[%emt 0:00:57]} 5. Bd3 {[%emt 0:00:00]} O-O {[%emt 0:02:57]} 6. Nd2 {[%emt 0:02:01]} Ng6 {[%emt 0:02:04]} 7. f4 {[%emt 0:02:41]} c5 {[%emt 0:02:07]} 8. c3 {[%emt 0:00:10]} Nc6 {[%emt 0:01:42]} 9. Ngf3 {[%emt 0:03:15]} Qb6 {[%emt 0:01:52]} 10. Qb1 {[%emt 0:02:53]} cxd4 {[%emt 0:04:24]} 11. cxd4 {[%emt 0:00:18]} Bd7 {[%emt 0:01:13]} 12. a3 {[%emt 0:01:02]} a5 {[%emt 0:01:26]} 13. O-O {[%emt 0:05:02]} f5 {[%emt 0:02:04]} 14. Bf2 {[%emt 0:03:14]} a4 {[%emt 0:01:41]} 15. Kh1 {[%emt 0:15:52]} Na5 {[%emt 0:03:51]} 16. g4 {[%emt 0:02:52]} Bb5 {[%emt 0:01:27]} 17. gxf5 {[%emt 0:00:37]} Bxd3 $15 {[%emt 0:12:31]} 18. Qxd3 {[%emt 0:00:04]} Rxf5 {[%emt 0:00:49]} 19. Qc2 {[%emt 0:13:51]} Qb5 {[%emt 0:09:33]} 20. Rg1 {[%emt 0:01:26]} Qd7 {[%emt 0:03:42]} 21. Rac1 {[%emt 0:08:09]} b5 {[%emt 0:02:24]} 22. Rg2 {[%emt 0:06:39]} Nc4 {[%emt 0:02:54]} 23. Nxc4 {[%emt 0:00:30]} bxc4 {[%emt 0:00:15]} 24. Rcg1 {[%emt 0:00:29]} Rb8 {[%emt 0:05:44]} 25. Ng5 {[%emt 0:03:35]} Bf8 {[%emt 0:14:53]} 26. Nxh7 {[%emt 0:01:51]} Kxh7 {[%emt 0:01:43]} 27. Rxg6 {[%emt 0:00:05]} Rb3 {[%emt 0:01:01]} 28. R1g2 {[%emt 0:13:42]} Kg8 {[%emt 0:01:38]} 29. R6g3 {[%emt 0:00:11]} c3 {[%emt 0:02:43]} 30. bxc3 {[%emt 0:00:05]} Qc6 {[%emt 0:00:18]} 31. Be1 {[%emt 0:01:14]} Rxa3 {[%emt 0:06:07]} 32. Rg5 {[%emt 0:00:36]} Rf6 {[%emt 0:03:36]} 33. Rg1 {[%emt 0:02:45]} Qd7 {[%emt 0:02:00]} 34. e4 {[%emt 0:04:01]} dxe4 {[%emt 0:03:44]} 35. Qxe4 {[%emt 0:00:07]} Ra1 {[%emt 0:00:41]} 36. c4 {[%emt 0:04:26]} a3 {[%emt 0:00:55]} 37. Ra5 {[%emt 0:02:03]} Qc7 {[%emt 0:00:44]} 38. c5 {[%emt 0:00:31]} a2 {[%emt 0:01:56]} 39. Ra6 {[%emt 0:02:34]} Qxf4 {[%emt 0:01:07]} 40. Qxf4 {[%emt 0:00:00]} Rxf4 {[%emt 0:00:00]} 41. Bf2 {[%emt 0:01:31]} Rxg1+ {[%emt 0:02:38]} 42. Kxg1 {[%emt 0:07:41]} Rf3 {[%emt 0:00:38]} 43. Rxa2 {[%emt 0:00:41]} Rc3 {[%emt 0:00:11]} 44. Bg3 {[%emt 0:08:10]} Be7 {[%emt 0:00:47]} 45. Kf2 {[%emt 0:01:23]} Bf6 {[%emt 0:00:28]} 46. Rd2 {[%emt 0:00:56]} Kf7 {[%emt 0:00:13]} 47. Ke2 {[%emt 0:00:03]} Ke8 {[%emt 0:00:22]} 48. Rd3 {[%emt 0:00:02]} Rc2+ {[%emt 0:00:19]} 49. Ke3 {[%emt 0:00:04]} Kd7 {[%emt 0:00:18]} 50. Ke4 {[%emt 0:09:39]} Re2+ {[%emt 0:01:43]} 51. Re3 {[%emt 0:00:02]} Rd2 {[%emt 0:00:13]} 52. Be5 {[%emt 0:00:03]} Bxe5 {[%emt 0:02:04]} 53. Kxe5 {[%emt 0:00:02]} Rxh2 {[%emt 0:00:14]} 54. Rg3 {[%emt 0:00:05]} Rh5+ {[%emt 0:00:27]} 55. Ke4 {[%emt 0:00:05]} Rh4+ {[%emt 0:09:47]} 56. Kd3 {[%emt 0:01:10]} Rh1 {[%emt 0:02:16]} 57. Rxg7+ {[%emt 0:00:47]} Kc6 {[%emt 0:00:27]} 58. Ra7 {[%emt 0:03:03]} Rd1+ {[%emt 0:01:20]} 59. Kc3 {[%emt 0:02:14]} Re1 {[%emt 0:00:21]} 60. Ra6+ {[%emt 0:00:14]} Kc7 {[%emt 0:00:24]} 61. Rd6 {[%emt 0:00:48]} Re3+ {[%emt 0:01:37]} 62. Kc4 {[%emt 0:00:28]} Re2 {[%emt 0:00:57]} 63. Kd3 {[%emt 0:01:00]} Re1 {[%emt 0:00:10]} 64. Ra6 {[%emt 0:00:19]} Kd7 {[%emt 0:01:13]} 65. Rb6 {[%emt 0:00:13]} Kc7 {[%emt 0:00:22]} 66. Rb2 {[%emt 0:01:40]} Kc6 {[%emt 0:01:15]} 67. Re2 {[%emt 0:00:39]} Rxe2 {[%emt 0:00:26]} 68. Kxe2 {[%emt 0:00:03]} e5 {[%emt 0:00:10]} 69. dxe5 {[%emt 0:00:10]} Kxc5 {[%emt 0:00:08]} 70. Ke3 {[%emt 0:00:05]} Kd5 {[%emt 0:00:08]} 71. e6 1/2-1/2

[Event "70th RUS-ch Women Higher League 2020"]
[Site "Sochi"]
[Date "2020.10.12"]
[Round "5.6"]
[White "Solozhenkina, Elizaveta"]
[Black "Getman, Tatyana"]
[Result "0-1"]
[WhiteElo "2301"]
[BlackElo "2271"]
[Annotator "NA"]
[PlyCount "108"]
[EventDate "2020.10.08"]
[EventType "swiss"]
[EventCountry "RUS"]
[SourceTitle "playchess.com"]
[Source "ChessBase"]
[SourceQuality "1"]
[TimeControl "40/5400+30:1800+30"]

1. d4 {[%emt 0:00:33]} Nf6 {[%emt 0:00:00]} 2. c4 {[%emt 0:00:08]} e6 {[%emt 0:00:00]} 3. Nf3 d5 {[%emt 0:00:07]} 4. Nc3 {[%emt 0:00:36]} Bb4 {[%emt 0:00:24]} 5. Bg5 {[%emt 0:00:27]} Nbd7 {[%emt 0:00:29]} 6. cxd5 {[%emt 0:00:40]} exd5 {[%emt 0:00:10]} 7. e3 {[%emt 0:00:22]} c5 {[%emt 0:00:35]} 8. Bd3 {[%emt 0:00:40]} Qa5 {[%emt 0:00:54]} 9. O-O {[%emt 0:05:03]} c4 {[%emt 0:00:40]} 10. Bf5 {[%emt 0:01:18]} O-O {[%emt 0:00:37]} 11. Qc2 {[%emt 0:00:13]} Re8 {[%emt 0:00:47]} 12. Nd2 {[%emt 0:01:03]} g6 {[%emt 0:00:37]} 13. Bxd7 {[%emt 0:00:39]} Nxd7 {[%emt 0:00:09]} 14. h4 {[%emt 0:07:33] D38: Queen's Gambit Declined: Ragozin Defence (4 Nf3 Bb4).} Nb6 {[%emt 0:02:11]} 15. f3 {[%emt 0:01:44] [#]} Kg7 $146 {[%emt 0:09:23]} ({Predecessor:} 15... Bxc3 16. bxc3 Qa4 17. Qc1 Bf5 18. Re1 Qc6 19. a4 Bd3 20. a5 Nd7 21. Qa3 Re6 22. Ra2 {1-0 (46) Kozul,Z (2630)-Abasov,N (2523) Jerusalem 2015}) 16. e4 {[%emt 0:09:27]} f6 {[%emt 0:04:18]} 17. Bf4 {[%emt 0:02:14]} dxe4 {[%emt 0:02:48]} 18. fxe4 {[%emt 0:02:42]} Qh5 {[%emt 0:01:55] [#]} (18... Bg4 $14) 19. Bg3 {[%emt 0:04:22]} (19. Nxc4 $1 $16 {[%mdl 512]} Be6 (19... Nxc4 20. Nd5) 20. Nxb6 axb6 21. e5) 19... Be6 {[%emt 0:02:33]} 20. a3 {[%emt 0:06:44]} Be7 {[%emt 0:01:05]} 21. Nf3 {[%emt 0:01:04]} Rad8 {[%emt 0:03:09]} 22. Rad1 {[%emt 0:02:48]} Bg4 $14 {[%emt 0:04:08]} 23. Bc7 {[%emt 0:24:55]} Rd7 {[%emt 0:11:07]} 24. Bg3 {[%emt 0:04:08]} Red8 {[%emt 0:05:38]} 25. Ne2 {[%emt 0:00:38]} Bd6 {[%emt 0:07:04]} 26. Bxd6 {[%emt 0:11:32]} Rxd6 {[%emt 0:04:44]} 27. d5 {[%emt 0:00:06]} Bxf3 {[%emt 0:10:12]} 28. Rxf3 {[%emt 0:00:45]} Qxh4 {[%emt 0:00:21]} 29. Nf4 {[%emt 0:01:16]} Re8 {[%emt 0:02:17]} 30. Ne6+ {[%emt 0:06:19]} Rexe6 {[%emt 0:05:33]} 31. dxe6 {[%emt 0:00:05]} Rxe6 {[%emt 0:00:05]} 32. Rdf1 {[%emt 0:02:39]} Qg5 {[%emt 0:01:49]} 33. Qf2 {[%emt 0:01:04]} Qe5 {[%emt 0:01:33]} 34. b3 {[%emt 0:02:26]} cxb3 {[%emt 0:01:14]} 35. Rxb3 {[%emt 0:00:03]} Qxe4 {[%emt 0:00:22]} 36. Rf3 {[%emt 0:00:30]} Qe5 {[%emt 0:02:55]} 37. a4 {[%emt 0:01:05]} Nxa4 {[%emt 0:01:59]} 38. Qxa7 {[%emt 0:00:20]} Qc5+ {[%emt 0:00:45]} 39. Qxc5 {[%emt 0:00:00]} Nxc5 {[%emt 0:00:00]} 40. Rb1 {[%emt 0:00:00]} g5 {[%emt 0:00:00]} 41. Rf5 {[%emt 0:02:43]} b6 {[%emt 0:04:34]} 42. Rd5 {[%emt 0:00:19]} Kg6 {[%emt 0:01:48]} 43. Rd8 {[%emt 0:00:27]} h5 {[%emt 0:03:35]} 44. Rb8 {[%emt 0:02:26]} Nd7 {[%emt 0:00:26]} 45. Rd8 {[%emt 0:06:00]} Ne5 {[%emt 0:02:12]} 46. Rb8 {[%emt 0:01:15]} Nc4 {[%emt 0:04:18]} 47. Rc8 {[%emt 0:00:35]} Nd2 {[%emt 0:03:12]} 48. Rb4 {[%emt 0:02:12]} g4 {[%emt 0:03:28]} 49. Rb8 {[%emt 0:01:04]} Kg5 {[%emt 0:05:34]} 50. R8xb6 {[%emt 0:00:34]} Re2 {[%emt 0:00:53]} 51. Ra6 {[%emt 0:04:29]} f5 {[%emt 0:02:17]} 52. Rb5 {[%emt 0:13:03]} Kf4 {[%emt 0:01:13]} 53. Ra4+ {[%emt 0:01:17]} Kg3 {[%emt 0:00:32]} 54. Ra3+ {[%emt 0:01:08]} Nf3+ {[%emt 0:00:15]} 0-1

[Event "70th RUS-ch Women Higher League 2020"]
[Site "Sochi"]
[Date "2020.10.12"]
[Round "5.7"]
[White "Paramzina, Anastasya"]
[Black "Shafigullina, Zarina"]
[Result "1/2-1/2"]
[WhiteElo "2237"]
[BlackElo "2296"]
[Annotator "ChessBase"]
[PlyCount "139"]
[EventDate "2020.10.08"]
[EventType "swiss"]
[EventCountry "RUS"]
[SourceTitle "playchess.com"]
[Source "ChessBase"]
[SourceQuality "1"]
[TimeControl "40/5400+30:1800+30"]

1. e4 {[%emt 0:02:23]} c5 {[%emt 0:00:00]} 2. Nc3 {[%emt 0:00:04]} d6 {[%emt 0:00:00]} 3. Nf3 {[%emt 0:00:14]} Nf6 {[%emt 0:00:05]} 4. d4 {[%emt 0:00:04]} cxd4 {[%emt 0:00:05]} 5. Nxd4 {[%emt 0:00:03]} a6 {[%emt 0:00:06]} 6. Nb3 {[%emt 0:00:06]} Nbd7 {[%emt 0:00:24]} 7. a4 {[%emt 0:01:01]} b6 {[%emt 0:00:27]} 8. g4 {[%emt 0:00:23]} Bb7 {[%emt 0:00:48]} 9. Bg2 {[%emt 0:00:09]} g6 {[%emt 0:00:23]} 10. O-O {[%emt 0:02:36]} Bg7 {[%emt 0:01:58]} 11. e5 {[%emt 0:02:43]} Bxg2 {[%emt 0:03:21]} 12. exf6 {[%emt 0:00:18]} Bxf1 {[%emt 0:00:06]} 13. fxg7 {[%emt 0:00:03]} Rg8 {[%emt 0:00:05]} 14. Kxf1 {[%emt 0:04:59]} Rxg7 {[%emt 0:01:28]} 15. Qd4 {[%emt 0:03:00]} Rg8 {[%emt 0:01:20]} 16. Be3 {[%emt 0:11:47]} Rb8 {[%emt 0:12:17]} 17. a5 {[%emt 0:19:32]} b5 {[%emt 0:02:27]} 18. Nd5 {[%emt 0:04:37]} Ne5 {[%emt 0:13:57]} 19. Qa7 {[%emt 0:08:19]} Rc8 {[%emt 0:12:18]} 20. Qxa6 {[%emt 0:12:02]} Rxc2 {[%emt 0:01:22]} 21. Qxb5+ {[%emt 0:00:27]} Qd7 {[%emt 0:00:13]} 22. Nd4 {[%emt 0:01:38]} Qxb5+ {[%emt 0:03:59]} 23. Nxb5 {[%emt 0:00:37]} Rxb2 {[%emt 0:31:57]} 24. a6 {[%emt 0:02:20]} Kd7 {[%emt 0:02:50]} 25. Nb6+ {[%emt 0:00:29]} Kc6 {[%emt 0:02:38]} 26. Na7+ {[%emt 0:00:11]} Kc7 {[%emt 0:00:15]} 27. Rc1+ {[%emt 0:02:16]} Kb8 {[%emt 0:00:14]} 28. Nac8 {[%emt 0:01:22]} Ra2 {[%emt 0:01:55]} 29. a7+ {[%emt 0:01:28]} Kb7 {[%emt 0:01:01]} 30. Rb1 {[%emt 0:07:28]} Nc6 {[%emt 0:03:24]} 31. a8=Q+ {[%emt 0:01:14]} Rxa8 {[%emt 0:00:25]} 32. Nxa8+ {[%emt 0:00:06]} Kxc8 {[%emt 0:00:31]} 33. Nb6+ {[%emt 0:00:14]} Kc7 {[%emt 0:00:20]} 34. Nd5+ {[%emt 0:01:06]} Kd7 {[%emt 0:01:26]} 35. Rb7+ {[%emt 0:03:28]} Ke6 {[%emt 0:00:21]} 36. Nf4+ {[%emt 0:00:39]} Kf6 {[%emt 0:01:40]} 37. Rc7 {[%emt 0:03:10]} Ne5 {[%emt 0:00:15]} 38. h3 {[%emt 0:00:04]} e6 {[%emt 0:01:28]} 39. Ne2 {[%emt 0:01:47]} g5 {[%emt 0:00:54]} 40. Ng3 {[%emt 0:00:00]} Nf3 {[%emt 0:00:00]} 41. Ne4+ {[%emt 0:10:40]} Ke5 {[%emt 0:03:31]} 42. Nd2 {[%emt 0:01:31]} Nxd2+ {[%emt 0:01:10]} 43. Bxd2 {[%emt 0:00:05]} Kf6 {[%emt 0:00:08]} 44. Rd7 {[%emt 0:01:40]} d5 {[%emt 0:00:08]} 45. Kg2 {[%emt 0:01:56]} Kg6 {[%emt 0:01:00]} 46. Kg3 {[%emt 0:00:50]} Rb8 {[%emt 0:04:39]} 47. Be3 h6 48. h4 {[%emt 0:05:01]} gxh4+ {[%emt 0:02:01]} 49. Kxh4 {[%emt 0:00:04]} Rh8 {[%emt 0:03:05]} 50. Ra7 {[%emt 0:03:59]} Rc8 {[%emt 0:06:33]} 51. Ra4 {[%emt 0:01:47]} Re8 {[%emt 0:05:25]} 52. Ra6 {[%emt 0:02:51]} f5 {[%emt 0:07:49]} 53. gxf5+ {[%emt 0:07:22]} Kxf5 {[%emt 0:00:04]} 54. Bxh6 {[%emt 0:01:39]} Rh8 {[%emt 0:00:06]} 55. Kh5 {[%emt 0:00:03]} Rg8 {[%emt 0:00:31]} 56. Ra7 {[%emt 0:01:11]} e5 {[%emt 0:01:59]} 57. Rf7+ {[%emt 0:00:31]} Ke6 {[%emt 0:00:41]} 58. Rf3 {[%emt 0:00:11]} Rg2 {[%emt 0:00:15]} 59. Bg5 {[%emt 0:00:34]} d4 {[%emt 0:00:35]} 60. Rf6+ {[%emt 0:01:25]} Kd5 {[%emt 0:00:08]} 61. f3 {[%emt 0:00:19]} d3 {[%emt 0:01:03]} 62. Rf8 {[%emt 0:00:19]} Ke6 {[%emt 0:00:33]} 63. Kg6 {[%emt 0:00:37]} Rg3 {[%emt 0:00:12]} 64. Re8+ {[%emt 0:01:00]} Kd5 {[%emt 0:00:19]} 65. Rf8 {[%emt 0:01:06]} d2 {[%emt 0:00:58]} 66. Rd8+ {[%emt 0:01:05]} Ke6 {[%emt 0:00:07]} 67. Rxd2 {[%emt 0:00:37]} Rxf3 {[%emt 0:00:04]} 68. Re2 {[%emt 0:00:26]} Rf1 {[%emt 0:00:56]} 69. Re3 {[%emt 0:00:14]} Kd5 {[%emt 0:00:21]} 70. Re2 1/2-1/2

[Event "70th RUS-ch Women Higher League 2020"]
[Site "Sochi"]
[Date "2020.10.12"]
[Round "5.8"]
[White "Bivol, Alina"]
[Black "Gritsayeva, Oksana"]
[Result "1-0"]
[WhiteElo "2393"]
[BlackElo "2373"]
[Annotator "TA"]
[PlyCount "101"]
[EventDate "2020.10.08"]
[EventType "swiss"]
[EventCountry "RUS"]
[SourceTitle "playchess.com"]
[Source "ChessBase"]
[SourceQuality "1"]

{[%evp 15,101,33,35,45,50,46,31,37,66,68,121,117,107,98,103,106,169,170,168,177,172,164,160,163,152,136,154,143,142,147,135,116,110,119,160,160,162,143,134,126,163,171,185,136,127,141,137,162,167,168,190,144,151,143,151,161,161,152,150,151,140,136,161,129,434,428,427,418,400,400,376,366,1041,1052,995,954,2271,2116,1268,588,12834,9843,6141,6070,5112,4985,1535,1504]} 1. e4 c5 2. Nf3 Nc6 3. d4 cxd4 4. Nxd4 Nf6 5. Nc3 e5 6. Ndb5 d6 7. Bg5 a6 8. Na3 Be6 9. Nc4 {B33: Sicilian: Pelikan and Sveshnikov Variations.} Rb8 10. Nd5 Bxd5 11. exd5 {White is slightly better.} Na7 {[#]} 12. f4 $146 {aiming for Qe2.} ({Predecessor:} 12. a4 Be7 13. Be2 O-O 14. Be3 Nc8 15. O-O Qc7 16. a5 Nd7 17. b3 f5 18. f3 {0-1 (42) Clarke,B (2429)-Tabatabaei,M (2629) chess.com INT 2020}) 12... h6 (12... b5 $14 13. fxe5 dxe5 14. Nxe5 Be7) 13. Bh4 $16 ({Don't play} 13. fxe5 dxe5 14. Bxf6 Qxf6 $14) 13... b5 14. fxe5 dxe5 15. Nxe5 Qe7 (15... Be7 $16) 16. Qd4 $18 {Threatens to win with 0-0-0.} Qb4+ 17. Qxb4 Bxb4+ 18. c3 Bd6 19. Bxf6 gxf6 20. Nf3 Kd7 21. Bd3 Rhe8+ 22. Kd2 Nc8 23. Bf5+ Kc7 24. Bxc8 $1 Bf4+ 25. Kc2 {Hoping for Bh3.} Rbxc8 26. Rhe1 Kd6 27. g3 Be5 28. Rad1 b4 {[%cal Rb4c3]} 29. Nxe5 Rxe5 {[%mdl 4096] Endgame KRR-KRR} 30. Rf1 bxc3 31. bxc3 f5 {[#]} 32. Rf4 $1 Rc5 33. Ra4 a5 34. Rh4 Re2+ 35. Rd2 Rxd2+ 36. Kxd2 {And now c4 would win.} Kxd5 37. Rxh6 {KR-KR} Rb5 38. Kc2 Ke5 39. Rh5 {g4 is the strong threat.} Ke4 $2 {[%mdl 8192] [#] Loses the game.} (39... Rb7 $16 {is tougher.} 40. a4 Ke4 41. Rh4+ Ke5) 40. g4 $1 {[%mdl 512]} a4 (40... fxg4 41. Rxb5) 41. Rxf5 Rb8 {Black hopes to continue with ...a3.} 42. Ra5 Rh8 43. Rxa4+ Ke3 $2 (43... Ke5 44. Rb4 Rxh2+ 45. Kb3 Kd6) 44. Rd4 {White is clearly winning.} Rxh2+ 45. Kb3 Rh1 46. a4 {[%cal Ba2a4,Ba4a5][%mdl 32]} Rb1+ 47. Kc2 (47. Kc4 $142 Ra1 48. Kb5) 47... Rb7 48. a5 Ra7 49. Ra4 Ra6 50. Kb3 Kf3 51. g5 {Accuracy: White = 85%, Black = 58%.} 1-0

[Event "70th RUS-ch Women Higher League 2020"]
[Site "Sochi"]
[Date "2020.10.12"]
[Round "5.10"]
[White "Potapova, Margarita"]
[Black "Charochkina, Daria"]
[Result "0-1"]
[WhiteElo "2270"]
[BlackElo "2356"]
[Annotator "TA"]
[PlyCount "96"]
[EventDate "2020.10.08"]
[EventType "swiss"]
[EventCountry "RUS"]
[SourceTitle "playchess.com"]
[Source "ChessBase"]
[SourceQuality "1"]

{[%evp 9,96,0,2,8,41,37,43,51,41,43,32,31,59,59,95,10,78,70,70,51,109,119,208,145,140,150,322,316,326,324,480,487,545,531,521,477,447,324,336,307,395,244,299,153,156,157,332,191,321,212,222,229,221,0,210,0,199,211,191,205,210,0,0,-271,-105,-345,-336,-330,-283,-749,-723,-1400,-1365,-1354,-1314,-1297,-1227,-1468,-1411,-1295,-1070,-2063,-2067,-1931,-1356,-6179,-5314,-2275,-2158]} 1. e4 c5 2. g3 Nc6 3. Bg2 g6 4. Ne2 Bg7 5. d3 Rb8 6. O-O {B20: Sicilian: Unusual White 2nd moves.} b5 7. c3 d6 8. d4 {White is slightly better.} cxd4 9. cxd4 {[#]} Bg4 $146 ({Predecessor:} 9... Bb7 10. Be3 a6 11. a4 b4 12. Nd2 Nf6 13. h3 O-O 14. Nb3 Na5 15. Nxa5 Qxa5 {½-½ (69) Bakre,T (2474)-Klenburg,M (2421) playchess.com INT 2005}) 10. f3 Bd7 11. Be3 $36 {[%mdl 2048] White is more active.} a5 12. h3 (12. d5 $16 Ne5 13. Bd4) 12... Nf6 (12... e6 $11) 13. d5 $16 Ne5 14. b3 g5 ({Black should play} 14... e6 $14) 15. Na3 Rg8 (15... Rc8 $16 {was worth a try.}) 16. Rc1 h5 17. Bxg5 Bh8 $2 (17... Qb6+ $16 {was called for.} 18. Kh2 Nh7) 18. Be3 $18 h4 19. g4 ({Stronger than} 19. gxh4 Bxh3 20. Bg5 Bxg2 $11) 19... Nexg4 (19... Kf8 $142 20. Nc2 Rc8) 20. fxg4 ({Much less strong is} 20. hxg4 Bxg4 21. fxg4 Nxg4 $18) 20... Nxg4 21. hxg4 Bxg4 {and the idea ...h3 leaves Black hopeful.} 22. Kf2 Bb2 23. Nb1 Bxc1 24. Bxc1 Rc8 25. Be3 h3 26. Bh1 ({White must play} 26. Bf3 $18 Bxf3 27. Kxf3) 26... e5 $16 {White must now prevent ...Qh4+.} 27. Ke1 {aiming for Qd3.} a4 $2 (27... Qh4+ $16 {keeps fighting.} 28. Bf2 Qh5) 28. b4 ({Resist} 28. bxa4 Qa5+ 29. Bd2 Qxa4 $18) (28. Na3 $142) 28... Rc4 (28... f5 $142 29. exf5 Qh4+ 30. Bf2 Qh5) 29. Qd2 {Threatens to win with Na3.} Qh4+ 30. Bf2 Qg5 31. Be3 Qh4+ 32. Bf2 Qg5 33. Qxg5 Rxg5 34. Be3 $1 {[%cal Re3g5]} Rg6 {[#]} 35. Nd2 $2 (35. Bd2 $1 $18) 35... Rc2 $11 36. Ng3 $2 {[%mdl 8192]} (36. a3 $11 {and White has nothing to worry.}) 36... h2 $2 (36... Rxa2 $19 {and Black stays clearly on top. ...a3 is the strong threat.} 37. Nb1 a3) 37. Kf2 $2 {[#]} (37. Ne2 $17 Rxa2 38. Kf2) 37... Rf6+ $1 $19 38. Nf5 Bxf5 39. exf5 $2 (39. Kg3 Rg6+ 40. Kxh2) 39... Rxf5+ {Black is clearly winning.} 40. Kg3 Rxf1 41. Nxf1 Rxa2 42. Nxh2 Re2 43. Nf1 a3 44. Bf3 Re1 45. Kf2 {[#]} Rxf1+ $1 {[%mdl 576] Promotion} 46. Kxf1 a2 47. Be2 a1=Q+ 48. Kf2 Qb2 {Never resign too early! Accuracy: White = 45%, Black = 49%.} 0-1